000 00677nam a22001817a 4500
003 OSt
005 20250715101048.0
008 250630b |||||||| |||| 00| 0 eng d
040 _aNIRU
_bEN
_cNIRU
050 _aQA 76.9.B45
_b.K55 2023
100 _aKilong'i, Protus Watitei
_eAuthor
245 _aAssessing the utilization of big data analytics in intelligence analysis in Kenya.
260 _aNairobi, Kenya
_bNational Intelligence Research University
_c2023
300 _a128p.
500 _aThesis [Master of Arts in Strategic Intelligence Studies]
650 _2big data analytics
_aintelligence analysis
_vbig data privacy
_xtechnology
_ycollaboration
942 _2lcc
_cTHESIS
_n0
999 _c568
_d568